Indian export directory. 1965-66, 1968 (Record no. 21630)
[ view plain ]
| 000 -LEADER | |
|---|---|
| fixed length control field | 00309nam a2200109Ia 4500 |
| 082 ## - DEWEY DECIMAL CLASSIFICATION NUMBER | |
| Classification number | 382.6(058)(540) |
| Item number | IND |
| 245 #0 - TITLE STATEMENT | |
| Title | Indian export directory. 1965-66, 1968 |
| 250 ## - EDITION STATEMENT | |
| Edition statement | Ed.4&17 |
| 260 ## - PUBLICATION, DISTRIBUTION, ETC. (IMPRINT) | |
| Place of publication | Calcutta |
| Name of publisher | Dept of commercial and Statistics |
| Year of publication | 1968 |
| 942 ## - ADDED ENTRY ELEMENTS (KOHA) | |
| Koha item type | Books |
| Withdrawn status | Lost status | Damaged status | Not for loan | Home library | Current library | Date acquired | Source of acquisition | Cost, normal purchase price | Full call number | Accession Number | Koha item type |
|---|---|---|---|---|---|---|---|---|---|---|---|
| RRII Library | RRII Library | 16/12/2021 | Auction | 22.50 | 382.6(058)(540) IND | 02347 | Books |